00444 2200157 4500245009700000020002200097250001100119100003500130700001500165005001900180260002900199041001400228084001300242300002200255336000900277 aEnsiklopedi Sholatb : Kumpulan Karya Ulama TerkemukacAbu Abdirrahman Adil bin Sa'adhText a978-602-7637-03-0 aCet. 1 aAbu Abdirrahman Adil bin Sa'ad aYasir Amri a20240910113457 aJakatabUmmul Qurac2012 aIndonesia a297.3822 a744 hlm. :c24 cm atext